000 00685cam a22002413a 4500
001 7976
003 PGUSA
005 20140828083151.0
008 050401s2005||||xxu|||||s|||||000 | eng d
040 _aPGUSA
_beng
042 _adc
050 4 _aPN
100 1 _aDunne, Finley Peter,
_d1867-1936
245 1 0 _aMr. Dooley's Philosophy
_h[electronic resource] /
_cFinley Peter Dunne
260 _bProject Gutenberg,
_c2005
506 _aPublic domain in the USA.
516 _aElectronic text
653 _aIrish-American wit and humor
653 _aIrish Americans -- Humor
830 0 _aProject Gutenberg
_v7976
856 4 0 _uhttp://www.gutenberg.org/ebooks/7976
942 _cEB
999 _c237276
_d237276